000 010040000a22002650004500
001 52106
010 _a978-972-0-72686-5
021 _aPT
_b367513/13
100 _a20151126d2015 k y0pory5003 ba
101 0 _apor
102 _aPT
200 1 _aSeleção de contos de Andersen
_fHans Christian Andersen
_gtrad. Silva Duarte
_gil. Ana Afonso
210 _aPorto
_cPorto Editora
_d2014
215 _a63 p.
225 2 _aEducação literária
606 _aLiteratura juvenil
_xconto
675 _a82-34
_vBN
_zpor
700 1 _aAndersen
_bHans Christian
_f1805-1875
702 1 _917838
_4730
_aDuarte
_bSilva
702 _96038
_4440
_aAfonso
_bAna
801 _aPT
_c20151126
856 _uhttps://pt.wikipedia.org/wiki/Hans_Christian_Andersen
_zmais informação
859 _uhttp://images.portoeditora.pt/getresourcesservlet/image?EBbDj3QnkSUjgBOkfaUbsKIiGhhTnv74wHCxfUMk1Oha80wLQJP9311o%2B9b3HV3G&width=275
_zcapa
090 _a52106
942 _cMON
_n0
999 _a52106